• AIU
  • Tony Wilmot Memorial Library

Morality, mortality: (Record no. 39229)

MARC details
000 -LEADER
fixed length control field 01307nam a22003251a 4500
001 - CONTROL NUMBER
control field 3448831
005 - DATE AND TIME OF LATEST TRANSACTION
control field 20110718132931.0
008 - FIXED-LENGTH DATA ELEMENTS--GENERAL INFORMATION
fixed length control field 920226m19939999nyu b 001 0 eng
010 ## - LIBRARY OF CONGRESS CONTROL NUMBER
LC control number 92009496
020 ## - INTERNATIONAL STANDARD BOOK NUMBER
International Standard Book Number 0195144023
035 ## - SYSTEM CONTROL NUMBER
-- (DLC) 92009496
040 ## - CATALOGING SOURCE
Original cataloging agency DLC
Transcribing agency DLC
Modifying agency DLC
050 00 - LIBRARY OF CONGRESS CALL NUMBER
Classification number R 726.K35 1996
Item number R 726.K35 1996
082 00 - DEWEY DECIMAL CLASSIFICATION NUMBER
Classification number 174/.24
Edition number 20
100 1# - MAIN ENTRY--PERSONAL NAME
Personal name Kamm, F. M.
Fuller form of name (Frances Myrna)
245 10 - TITLE STATEMENT
Title Morality, mortality:
Remainder of title rights, duties, and status /
Statement of responsibility, etc F.M. Kamm.
Medium [Text]
260 ## - PUBLICATION, DISTRIBUTION, ETC. (IMPRINT)
Place of publication, distribution, etc New York
Name of publisher, distributor, etc Oxford University Press
Date of publication, distribution, etc 1993-<c1996-
300 ## - PHYSICAL DESCRIPTION
Extent v. 2 ;
Dimensions 25 cm.
440 #0 - SERIES STATEMENT/ADDED ENTRY--TITLE
Title Oxford ethics series
504 ## - BIBLIOGRAPHY, ETC. NOTE
Bibliography, etc Includes bibliographical references (v. 1, p. 331-333) and index.
505 1# - FORMATTED CONTENTS NOTE
Formatted contents note v. 1. Death and whom to save from it -- v. 2. Rights, duties, and status.
650 #0 - SUBJECT ADDED ENTRY--TOPICAL TERM
Topical term or geographic name as entry element Death.
650 #0 - SUBJECT ADDED ENTRY--TOPICAL TERM
Topical term or geographic name as entry element Terminal care
General subdivision Moral and ethical aspects.
856 42 - ELECTRONIC LOCATION AND ACCESS
Materials specified Publisher description
906 ## - LOCAL DATA ELEMENT F, LDF (RLIN)
a 7
b cbc
c orignew
d 1
e ocip
f 19
g y-gencatlg
925 0# -
-- acquire
-- 2 shelf copies
-- policy default
991 ## -
-- c-GenColl
-- R726
-- .K35 1993
-- Copy 1
-- BOOKS
Holdings
Withdrawn status Lost status Source of classification or shelving scheme Damaged status Not for loan Collection code Home library Current library Shelving location Date acquired Source of acquisition Cost, normal purchase price Total Checkouts Full call number Barcode Date last seen Date checked out Copy number Price effective from Koha item type
    Library of Congress Classification     General Circulation AIU/NEGST - Tony Wilmot Memorial Library AIU/NEGST - Tony Wilmot Memorial Library General Stacks 10/19/2009 Donation 15.00 1 R 726.K35 1996 R45671K3232 09/26/2019 06/19/2018 1 10/19/2009 Books